MDQL
is popping MORE tags! Check the
thread
!
Quizzes
Events
Quiz Creation
Community
Videos
Private Events
Remove Ads
Sign In
Join for FREE
Feedback
Dark Mode
Quiz Categories
Sports
Geography
Music
Movies
Television
Just For Fun
Miscellaneous
History
Literature
Language
Science
Gaming
Entertainment
Religion
Holiday
For Kids
Quiz Lab
Recent
Popular Today
Quiz Kudos Today
Editor Picks
Curator Picks
Quizzes by...
Day
Popularity
Type
Ratings
Length
Year
Community
Subscriptions
Recent Discussions
Orange Saloon
Badges
Playlists
Quests
Create
Leaderboards
Showdown
Live 5
Trivia Bingo
Activity
Puzzle Library
Sporcle Events
Private Events
Virtual Trivia
Globe League
Become a Host
Pub Owners
SporcleCon
Opinionation
Our Games
Videos
Blog
Mobile Apps
Partnerships
Remove Ads and Go Orange
Feedback
Music
Pop Music
The Beatles
Song
Album
Lyrics
Bands
Singers
Artist
Clip
Rock
Rap
Classical
Billboard
Country Music
Kpop
Taylor Swift
Music
Pop Music
The Beatles
Song
Album
Lyrics
Bands
Singers
Artist
Clip
Rock
Rap
Classical
Billboard
Country Music
Kpop
Taylor Swift
Random Quiz
Search Sporcle
×
Quiz Lab
Quiz Lab
Music
Album
Type in answers that appear in a list
Type in answers that appear in a list
Classic
Best Score? Go Orange.
Industrial Bands by Album Stats
Can you name the Name the Industrial Bands who Recorded These Albums?
By
LaibachDrzava
6m
30 Questions
162 Plays
162 Plays
162 Plays
Comments
Comments
Give Quiz Kudos
Give Quiz Kudos
-
- Ratings
hide this ad
Replay
Link that replays current quiz
Next Quiz
Link to next quiz in quiz playlist
You Got
0%
They Got
Avg Score
35%
Avg Friend Score
Upgrade to see
Score Distribution
Jump to the score distribution portion of the page
Score
0/30
Timer
06:00
0
Plays Today
Album
Band
% Correct
Pretty Hate Machine
Nine Inch Nails
92%
Land of Rape and Honey
Ministry
85.2%
VIVIsect VI
Skinny Puppy
80.9%
Front By Front
Front 242
77.2%
Sehnsucht
Rammstein
72.8%
20 Jazz Funk Greats
Throbbing Gristle
67.9%
Tactical Neural Implant
Front Line Assembly
61.7%
Angst
KMFDM
59.9%
Haus der Lüge
Einstürzende Neubauten
52.5%
Opus Dei
Laibach
51.2%
That Total Age
Nitzer Ebb
45.1%
Schaedling
:wumpscut:
30.2%
Alles ist Gut
DAF
27.8%
Volle Kraft Voraus
Die Krupps
26.5%
Solitary Confinement
Leaether Strip
25.9%
Album
Band
% Correct
Killing Time Again
Funker Vogt
24.7%
Harsh Generation
Grendel
22.8%
Egodram
Das Ich
22.2%
Mindstrip
Suicide Commando
21.6%
DickNity
Slick Idiot
19.1%
Wrack and Ruin
Hocico
16%
Suckpump
Bile
15.4%
Volk Und Armee...
Feindflug
14.2%
Aggressor
And One
10.5%
Escorts and Models
Borghesia
9.3%
This is my Battlefield
Panzer AG
9.3%
Dusted
Skrew
6.8%
Totalitar
Spetsnaz
6.8%
Rage
Pouppee Fabrikk
4.9%
Scientific Technology
Tyske Ludder
4.3%
Quiz Playlist
Details
Report
Send in Message
Add To Playlist
Classic:
Type in answers that appear in a list
Last Updated: Feb 16, 2017
Quiz Scoreboard
CHALLENGE
Sign Up to Join the Scoreboard
Show All
Scores
Hide
Comments
May contain spoilers
Recently Published
Colored Red Africa Blitz
by spor1
Geography
30s
Find the 'City' Movie
by crazypaving
Movies
60s
5x2 Blitz: Bands
by SL_Kpop136
Music
30s
More to Explore
Quiz From the Vault
Featured Blog Post
14 Easter Pick-up Lines to Find Eggs With
hide this ad
You Might Also Like...
Tags
Album Quiz
Bands Quiz
industrial
Recorded
Style
Today's Top Quizzes in Music
Browse Music
hide this ad
Today's Top Quizzes in Album
Browse Album
Top Contributed Quizzes in Music
1
5X2 Blitz: Bands II
2
Taylor Swift All Songs (2024)
3
Taylor Swift Logic Puzzle II
4
5X2 Blitz: The Beatles
5
5X2 Blitz: Billboard
6
Taylor Swift Logic Puzzle
7
5X2 Blitz: Billboard II
8
5X2 Blitz: Album
9
5X2 Blitz: Singers
10
Music Artist by Three 2010s hits
Explore More
Trending Topics
Marvel
Anime
Crossword
NBA
Disney
Harry Potter
Kpop
Soccer
Puzzle
The Office
Song
WWE
NFL
Country
Pokémon
hide this ad
More By:
LaibachDrzava
Quiz
Plays
Rating
Category
Featured
Created
Name the Sopranos Characters
2,278
4.43
Television
Feb 12, 2010
The Hair Metal ABCs
870
2.75
Music
Sep 8, 2010
Goth Bands By Album
762
4.00
Music
Jan 6, 2011
Deus Ex Main Characters
518
4.67
Gaming
May 29, 2010
Type O Negative Quiz
416
5.00
Music
Nov 16, 2010
Go to Creator's Profile
Score Distribution
Quiz Creator Spotlight
LaibachDrzava
Follow
Send a Message
Quizzes Created
-
Created Quiz Play Count
-
More By This Creator
Popular Quizzes Today
1
Find the 'City' Movie
2
Colored Red Africa Blitz
3
Find the US States - No Outlines Minefield
4
5x2 Blitz: Bands
5
The Countries of the World
6
Find the US States
7
US States
8
9x9 Crossword: Cartoon Network
More Music Quizzes
Badly Drawn Rock Stars III
Quiz Lab
Trending Quizzes
Colored Red Europe Blitz I
Colored Red Europe Blitz II
Colored Red Africa Blitz II
Colored Red Africa Blitz III
Colored Red Europe Blitz III
Recently Updated
2024 March Madness Bracket
pecheneg
Famous TV Couples
Peacemaker
Champions League XIs: Real Madrid
pecheneg
Largest US Cities 1790-2010
pecheneg
Rides in Walt Disney World
pecheneg
Most Oscar Losses (Acting)
pecheneg
Beyoncé Albums
pecheneg
Leaping Animals
pecheneg
Reality TV Shows (A-Z)
bhenderson79
Rickey Henderson's Hall of Fame Teammates
pecheneg
Trending Topics
Marvel
Disney
Harry Potter
Kpop
Anime
Crossword
NBA
Country
The Office
Song
WWE
Puzzle
Soccer
NFL
Pokémon
Your Account Isn't Verified!
In order to create a playlist on Sporcle, you need to verify the email address you used during registration. Go to your
Sporcle Settings
to finish the process.
Report this User
Report this user for behavior that violates our
Community Guidelines
.
Details:
Send Report
Go to the Sporcle.com Mobile Site →
Comments